000 00478nam a2200157Ia 4500
003 SGT
082 _a621.381
_bRYD
100 _aRyder,john D
245 _aElectronic fundamentals and applications
250 _a3rd Ed.
260 _bPHI Learning Private Limited
_aNew Delhi
_c1964
300 _a692p.
650 _aAPPLIED PHYSICS
653 _aBEHVIOR OF CHARGED PARTICLES IN FIELDS,THE CATHODE-RAY TUBE,POWER SUPPLIES AND FILTERS,CONTROL DEVICES TRANSISTOR
942 _2ddc
_cBK
999 _c5376
_d5376